| 000 | 00666nam a2200193 i 4500 | ||
|---|---|---|---|
| 001 | 78920 | ||
| 003 | ES-MaACL | ||
| 005 | 20230906173843.0 | ||
| 007 | t| | ||
| 008 | 041018s1969 sp ||||1| spa d | ||
| 100 | 1 |
_aHeidrich, H. J. _962344 |
|
| 245 | 1 | 0 |
_aEnfermedades de las glándulas mamarias en los animales domésticos / _cH.J. Heidrich, W. Renk ; traducción y prólogo Clemente Sánchez-Garnica y Montes. |
| 250 | _a[1ª ed.]. | ||
| 260 |
_aBarcelona : _bLabor, _c[1969] |
||
| 300 |
_aXVI, 508 p., 15 lám. : _bil. ; _c25 cm. |
||
| 700 | 1 |
_aSánchez-Garnica Montes, Clemente. _9102666 |
|
| 700 | 1 |
_aRenk, W. _996219 |
|
| 852 |
_aES-MaACL _jC-41822 _bR.70695 |
||
| 999 |
_c78920 _d78920 |
||